Software engineering: (Record no. 3936)
[ view plain ]
| 000 -LEADER | |
|---|---|
| fixed length control field | 00607nam a2200217Ia 4500 |
| 003 - CONTROL NUMBER IDENTIFIER | |
| control field | OSt |
| 005 - DATE AND TIME OF LATEST TRANSACTION | |
| control field | 20220107122740.0 |
| 008 - FIXED-LENGTH DATA ELEMENTS--GENERAL INFORMATION | |
| fixed length control field | 130318s9999 xx 000 0 und d |
| 020 ## - INTERNATIONAL STANDARD BOOK NUMBER | |
| International Standard Book Number | 9788125939467 |
| 040 ## - CATALOGING SOURCE | |
| Transcribing agency | IIITM-K |
| 082 ## - DEWEY DECIMAL CLASSIFICATION NUMBER | |
| Classification number | 005.1 KHU/S |
| 100 ## - MAIN ENTRY--PERSONAL NAME | |
| Personal name | Khurana, Rohit |
| 9 (RLIN) | 4449 |
| 245 ## - TITLE STATEMENT | |
| Title | Software engineering: |
| Remainder of title | Principles and practices |
| Statement of responsibility, etc. | by Rohit Khurana |
| 250 ## - EDITION STATEMENT | |
| Edition statement | 2nd ed. |
| 260 ## - PUBLICATION, DISTRIBUTION, ETC. | |
| Name of publisher, distributor, etc. | Vikas Publishing House, |
| Place of publication, distribution, etc. | Noida, |
| Date of publication, distribution, etc. | 2010. |
| 300 ## - PHYSICAL DESCRIPTION | |
| Extent | xviii, 534p. |
| 650 ## - SUBJECT ADDED ENTRY--TOPICAL TERM | |
| Topical term or geographic name entry element | COMPUTER SCIENCE |
| 9 (RLIN) | 4450 |
| 650 ## - SUBJECT ADDED ENTRY--TOPICAL TERM | |
| Topical term or geographic name entry element | SOFTWARE DEVELOPMENT |
| 9 (RLIN) | 4451 |
| 650 ## - SUBJECT ADDED ENTRY--TOPICAL TERM | |
| Topical term or geographic name entry element | SOFTWARE TESTING |
| 9 (RLIN) | 4452 |
| 942 ## - ADDED ENTRY ELEMENTS (KOHA) | |
| Source of classification or shelving scheme | Dewey Decimal Classification |
| Koha item type | Books |
| Withdrawn status | Lost status | Source of classification or shelving scheme | Damaged status | Not for loan | Collection code | Home library | Current library | Shelving location | Date acquired | Cost, normal purchase price | Total Checkouts | Full call number | Barcode | Date last seen | Date last checked out | Price effective from | Koha item type |
|---|---|---|---|---|---|---|---|---|---|---|---|---|---|---|---|---|---|
| Dewey Decimal Classification | Software Engineering | Kerala University of Digital Sciences, Innovation and Technology Knowledge Centre | Kerala University of Digital Sciences, Innovation and Technology Knowledge Centre | Computer Science | 25/04/2014 | 263.00 | 8 | 005.1 KHU/S | 3603 | 05/05/2023 | 26/04/2023 | 25/04/2014 | Books |